000 00975nam a2200313 a 4500
001 vtls000208808
003 NLI
005 20210602120052.0
008 101126s1980 mauc 001 0 eng
020 _a0805763953 :
_cUSD 17.95
039 9 _y201011260032
_zVLOAD
040 0 _aNLI
_beng
_cVERGIS-2010
_eAACR2
041 0 _aeng
044 _amau
082 0 4 _a862.6
100 1 _aHolt, Marion Peter
_9394671
245 1 0 _aJose Lopez Rubio /
_cby Marion Peter Holt
260 _aBoston :
_bTwayne Publishers,
_c1980
300 _a155 p. :
_bport. ;
_c21 cm.
440 0 _aTwayne's world authors series ; TWAS ;
_v553 ; Spain
_9315141
504 _aIncludes bibliographical references and index
600 1 0 _aLopez Rubio, Jose,
_d1903-
_xCriticism and interpretation
_9394672
887 _a
901 _a486434
_b15.10.19.85
902 _aE 862.6 H 742
949 _AVIRTUAITEM
_D10000
_X100
_6PUR000486434ENG
942 _2ddc
_cBKS
991 _eamitava
999 _aVIRTUA40
_c214830
_d214830